En Yakın Altı Ülke - Belçika - Statistics

General Stats
  • This quiz has been taken 250 times
  • The average score is 4 of 6
Answer Stats
km ülke % Correct
0 Hollanda
97%
0 Almanya
95%
0 Fransa
87%
0 Lüksemburg
74%
80 Birleşik Krallık
26%
254 İsviçre
24%
No matching quizzes found
Score Distribution
Percent of People with Each Score
Percentile by Number Answered
Your Score History
You have not taken this quiz